Scandale au lycee / (Record no. 57990)

MARC details
000 -LEADER
fixed length control field 00938 a2200193 4500
008 - FIXED-LENGTH DATA ELEMENTS--GENERAL INFORMATION
fixed length control field 230307b ||||| |||| 00| 0 eng d
020 ## - INTERNATIONAL STANDARD BOOK NUMBER
International Standard Book Number 9782090384796
050 ## - LIBRARY OF CONGRESS CALL NUMBER
Classification number PC2121
Item number .N48 2019
100 ## - MAIN ENTRY--PERSONAL NAME
Personal name Nguyen-Gateff, Helene,
245 ## - TITLE STATEMENT
Title Scandale au lycee /
Statement of responsibility, etc Helene Nguyen-Gateff
260 ## - PUBLICATION, DISTRIBUTION, ETC. (IMPRINT)
Name of publisher, distributor, etc CLE International ;
Date of publication, distribution, etc c2019
Place of publication, distribution, etc [Paris] :
300 ## - PHYSICAL DESCRIPTION
Extent 1 vol. (48 p.) :
Other physical details ill. en coul. ;
Dimensions 22 cm
440 ## - SERIES STATEMENT/ADDED ENTRY--TITLE
Title Découverte : A2
500 ## - GENERAL NOTE
General note Collection principale : Lecture en français facile
500 ## - GENERAL NOTE
General note Zénon va au lycée en Guyane. En empruntant un livre à la bibliothèque, il tombe sur un post-it très inquiétant. Milca est en danger et demande de l'aide. Zénon va l'aider et son enquête va le mener jusqu'à l'entraineur de l'équipe de basket féminine. [4e de couv.]
650 ## - SUBJECT ADDED ENTRY--TOPICAL TERM
Source of heading or term Francoščina
Form subdivision Učbeniki
General subdivision Francoščina
-- Knjige za mladino Prirejene izdaje
700 ## - ADDED ENTRY--PERSONAL NAME
Personal name Giusti, Condado
Relator term Ilustrator
942 ## - ADDED ENTRY ELEMENTS (KOHA)
Item type Book
Source of classification or shelving scheme Library of Congress Classification
Holdings
Withdrawn status Lost status Source of classification or shelving scheme Damaged status Not for loan Collection code Home library Current library Shelving location Date acquired Source of acquisition Cost, normal purchase price Total Checkouts Full call number Barcode Date last seen Date last borrowed Copy number Price effective from Koha item type
    Library of Congress Classification     Fiction Bishop Okullu Memorial Library (Limuru Campus) Bishop Okullu Memorial Library (Limuru Campus) General Circulation 07/03/2023 Purchase 1550.00 2 PC2121 .N48 2019 069660 14/11/2024 31/10/2024 1 07/03/2023 Book